[Event "Chigorin Mem Blitz 2016"]
[Site "St Petersburg RUS"]
[Date "2016.10.14"]
[Round "4.2"]
[White "Levin, Evgeny A."]
[Black "Jumabayev, Rinat"]
[Result "1-0"]
[WhiteTitle "GM"]
[BlackTitle "GM"]
[WhiteElo "2505"]
[BlackElo "2609"]
[WhiteFideId "4182596"]
[BlackFideId "13702661"]
[EventDate "2016.10.14"]
[EventType "swiss"]

1. d4 Nf6 2. c4 g6 3. Nc3 d5 4. cxd5 Nxd5 5. Bd2 Nb6 6. e3 Bg7 7. f4 O-O 8. Nf3
c5 9. dxc5 N6d7 10. Ne4 Bxb2 11. Rb1 Bg7 12. Bc4 Na6 13. Bxa6 bxa6 14. O-O Qc7
15. Rc1 Bb7 16. Nf2 Bc6 17. Bc3 Rad8 18. Bxg7 Kxg7 19. Qd4+ Kg8 20. Qc3 Nf6 21.
Ne5 Nd5 22. Qa3 Bb5 23. Rfd1 Kg7 24. c6 Nf6 25. Qc5 Rd6 26. Rd4 Rc8 27. a4 Rxd4
28. Qxd4 Rd8 29. Qb4 Be2 30. Qb2 Rd5 1-0

[Event "Chigorin Mem Blitz 2016"]
[Site "St Petersburg RUS"]
[Date "2016.10.14"]
[Round "4.3"]
[White "Pridorozhni, Aleksei"]
[Black "Shevchenko, Kirill"]
[Result "1-0"]
[WhiteTitle "GM"]
[BlackTitle "IM"]
[WhiteElo "2579"]
[BlackElo "2447"]
[WhiteFideId "4127870"]
[BlackFideId "14129574"]
[EventDate "2016.10.14"]
[EventType "swiss"]

1. e4 c5 2. Nc3 d6 3. Nf3 a6 4. d4 cxd4 5. Nxd4 Nf6 6. Rg1 e5 7. Nb3 h5 8. Bg5
Be6 9. Bxf6 Qxf6 10. Nd5 Qd8 11. Qd2 Nd7 12. O-O-O g6 13. Kb1 Rc8 14. g3 Bxd5
15. Qxd5 Qc7 16. c3 Nf6 17. Qd3 Ng4 18. Qe2 Nf6 19. Nc1 Bh6 20. Nd3 a5 21. Ne1
O-O 22. Nc2 Rfd8 23. Bh3 Rb8 24. Na3 d5 25. exd5 Nxd5 26. Bg2 Ne7 27. Qb5 Nc6
28. Nc4 Na7 29. Qxa5 b6 30. Rxd8+ Rxd8 31. Qxb6 Qe7 32. a4 Nc8 33. Qc6 Na7 34.
Qb7 Rd7 35. Qb8+ Rd8 36. Qxe5 Qd7 37. Be4 Qxa4 38. Na3 Rd1+ 39. Rxd1 Qxd1+ 40.
Ka2 Qd8 1-0

[Event "Chigorin Mem Blitz 2016"]
[Site "St Petersburg RUS"]
[Date "2016.10.14"]
[Round "4.4"]
[White "Paravyan, David"]
[Black "Yanchenko, Roman"]
[Result "0-1"]
[WhiteTitle "IM"]
[BlackTitle "FM"]
[WhiteElo "2528"]
[BlackElo "2419"]
[WhiteFideId "4194985"]
[BlackFideId "4137329"]
[EventDate "2016.10.14"]
[EventType "swiss"]

1. e4 e6 2. Nf3 d5 3. Nc3 dxe4 4. Nxe4 Nd7 5. d4 Ngf6 6. Bd3 Nxe4 7. Bxe4 Nf6 8.
Bg5 Be7 9. Bxf6 Bxf6 10. Qe2 O-O 11. O-O-O a5 12. h4 a4 13. a3 Ra5 14. Kb1 g6
15. h5 Kg7 16. Qd2 Rxh5 17. g4 Bg5 18. Nxg5 Rxg5 19. f4 Rxg4 20. Bf3 Rh4 21. f5
h5 22. fxg6 fxg6 23. Qc3 Rxh1 24. Rxh1 c6 25. Be4 Rf4 26. Qe3 Qf6 27. Bd3 Qxd4
28. Qg3 Qf6 29. Rxh5 e5 30. Rg5 e4 31. Bc4 Be6 32. Bxe6 Rf1+ 33. Ka2 Qxe6+ 34.
b3 axb3+ 35. cxb3 e3 36. Re5 0-1

[Event "Chigorin Mem Blitz 2016"]
[Site "St Petersburg RUS"]
[Date "2016.10.14"]
[Round "4.5"]
[White "Tran, Tuan Minh"]
[Black "Gabrielian, Artur"]
[Result "1-0"]
[WhiteTitle "IM"]
[BlackTitle "GM"]
[WhiteElo "2468"]
[BlackElo "2524"]
[WhiteFideId "12401820"]
[BlackFideId "4131002"]
[EventDate "2016.10.14"]
[EventType "swiss"]

1. d4 Nf6 2. c4 g6 3. Nc3 d5 4. Bg5 Ne4 5. Bh4 Nxc3 6. bxc3 dxc4 7. e3 Bg7 8.
Bxc4 O-O 9. Nf3 b6 10. O-O Bb7 11. Qe2 Nc6 12. Ba6 Bxa6 13. Qxa6 Qd7 14. Rfd1
Rfe8 15. Bg3 e6 16. Rac1 Rac8 17. c4 h6 18. h3 Kh7 19. d5 exd5 20. cxd5 Nb4 21.
Qxa7 Nxd5 22. Qb7 Rcd8 23. Rxc7 Nxc7 24. Rxd7 Rxd7 25. Qc6 Ree7 26. Bd6 b5 27.
Bxe7 Rxe7 28. Qd6 Bf8 29. Nd4 Ne8 30. Qd8 Kg8 31. Nxb5 Re6 32. a4 Nf6 33. g3 Ne4
34. a5 Rc6 35. Qd5 Rc1+ 36. Kg2 Nf6 37. Qd8 Ne4 38. a6 Rc2 39. a7 Rxf2+ 40. Kg1 1-0

[Event "Chigorin Mem Blitz 2016"]
[Site "St Petersburg RUS"]
[Date "2016.10.14"]
[Round "4.6"]
[White "Idani, Pouya"]
[Black "Volkov, Sergey"]
[Result "1/2-1/2"]
[WhiteTitle "GM"]
[BlackTitle "GM"]
[WhiteElo "2551"]
[BlackElo "2609"]
[WhiteFideId "12510130"]
[BlackFideId "4122763"]
[EventDate "2016.10.14"]
[EventType "swiss"]

1. Nf3 d5 2. g3 Nf6 3. Bg2 c6 4. O-O Bf5 5. d3 e6 6. b3 h6 7. Bb2 Be7 8. c4 O-O
9. Nbd2 a5 10. a3 Bh7 11. Rc1 Nbd7 12. Rc2 Qb6 13. Qa1 Rfc8 14. Ne5 Nxe5 15.
Bxe5 Qd8 16. Qb2 Qf8 17. Ra1 Nd7 18. Bc3 b5 19. cxb5 cxb5 20. Rcc1 b4 21. axb4
Bxb4 22. Bxb4 Qxb4 23. Ra4 Qb6 24. Rxc8+ Rxc8 25. Qa3 Rc5 26. b4 axb4 27. Rxb4
Qc7 28. Qa8+ Qc8 29. Qxc8+ Rxc8 30. Bf1 1/2-1/2

[Event "Chigorin Mem Blitz 2016"]
[Site "St Petersburg RUS"]
[Date "2016.10.14"]
[Round "4.7"]
[White "Tsydypov, Zhamsaran"]
[Black "Yuffa, Daniil"]
[Result "1/2-1/2"]
[WhiteTitle "IM"]
[BlackTitle "IM"]
[WhiteElo "2451"]
[BlackElo "2534"]
[WhiteFideId "4108566"]
[BlackFideId "24131423"]
[EventDate "2016.10.14"]
[EventType "swiss"]

1. e4 Nf6 2. e5 Nd5 3. d4 d6 4. Nf3 dxe5 5. Nxe5 c6 6. c4 Nb4 7. Be3 Bf5 8. Nd3
e6 9. Nc3 Nd7 10. a3 Nxd3+ 11. Bxd3 Bxd3 12. Qxd3 Be7 13. O-O O-O 14. b4 a6 15.
Qe4 Nf6 16. Qf3 Rc8 17. Rfc1 b5 18. Ne2 bxc4 19. Nf4 a5 20. Rxc4 axb4 21. axb4
Nd5 22. Nd3 Nb6 23. Rxc6 Nd5 24. b5 Rb8 25. Rb1 Qa5 26. Ne5 Rxb5 27. Rbc1 Qa3
28. Rc8 Nf6 29. h4 Rb8 30. R8c3 Qa2 31. Nc6 Rbe8 32. Nxe7+ Rxe7 33. Bg5 Qd5 34.
Bxf6 Qxf3 35. Rxf3 gxf6 36. Rxf6 Rd8 37. Rf4 Red7 38. Rc4 Kg7 39. g3 h6 40. Kg2
Rb8 41. Rg4+ Kf6 42. Rc3 Rb4 43. Rf3+ Ke7 44. Rg7 Kf8 45. Rg6 Rbxd4 46. Rxe6 Kg7
47. Ref6 R4d5 48. R6f4 h5 49. Re4 1/2-1/2

[Event "Chigorin Mem Blitz 2016"]
[Site "St Petersburg RUS"]
[Date "2016.10.14"]
[Round "4.8"]
[White "Aguera Naredo, Javier"]
[Black "Matinian, Nikita"]
[Result "1-0"]
[WhiteTitle "FM"]
[BlackTitle "IM"]
[WhiteElo "2367"]
[BlackElo "2495"]
[WhiteFideId "2204169"]
[BlackFideId "24129100"]
[EventDate "2016.10.14"]
[EventType "swiss"]

1. e4 c5 2. Nf3 d6 3. d4 cxd4 4. Nxd4 Nf6 5. Nc3 a6 6. h3 g6 7. g4 Bg7 8. Bg2
O-O 9. O-O Nfd7 10. Re1 Nc6 11. Nb3 Rb8 12. a4 b5 13. axb5 axb5 14. Nd5 e6 15.
Ne3 Nde5 16. c3 Bb7 17. f4 Nc4 18. Nxc4 bxc4 19. Nd4 Nxd4 20. cxd4 Qb6 21. Be3
Qxb2 22. Rb1 Qa3 23. Ra1 Qb4 24. Qc2 d5 25. Reb1 Qd6 26. e5 Qd8 27. f5 gxf5 28.
gxf5 exf5 29. Qxf5 Qh4 30. Bf2 Qh6 31. Qf3 Bc6 32. Qg3 Rxb1+ 33. Rxb1 Qg6 34.
Qxg6 hxg6 35. Rb6 Rc8 36. Be1 Bh6 37. Kf2 Bg5 38. Bc3 Bd8 39. Ra6 Kf8 40. Ra1
Ke8 41. Ke3 Bg5+ 42. Ke2 Kd7 43. Bf3 Ke8 44. Ra7 Bd8 45. Ra1 Rb8 46. Kd2 Rb5 1-0

[Event "Chigorin Mem Blitz 2016"]
[Site "St Petersburg RUS"]
[Date "2016.10.14"]
[Round "4.9"]
[White "Golubov, Saveliy"]
[Black "Gubajdullin, Alexei"]
[Result "0-1"]
[WhiteTitle "IM"]
[BlackTitle "FM"]
[WhiteElo "2481"]
[BlackElo "2367"]
[WhiteFideId "24176729"]
[BlackFideId "4141202"]
[EventDate "2016.10.14"]
[EventType "swiss"]

1. Nf3 g6 2. g3 Bg7 3. Bg2 c5 4. O-O Nc6 5. e4 Nf6 6. d3 O-O 7. Nbd2 d6 8. c3
Rb8 9. a4 a6 10. Nc4 b5 11. axb5 axb5 12. Ne3 b4 13. Bd2 Nd7 14. Nc4 Bb7 15.
cxb4 Nxb4 16. Bc3 Bh6 17. Ne1 d5 18. exd5 Bxd5 19. Bxb4 Bxg2 20. Ba5 Qc8 21.
Nxg2 Nf6 22. Bc3 Nd5 23. Nge3 Nxc3 24. bxc3 Rd8 25. Qc2 Qc6 26. Rfd1 Bg7 27.
Rab1 Rbc8 28. Nd2 Qe6 29. Ndf1 h5 30. h4 Qf6 31. Rbc1 g5 32. hxg5 Qxg5 33. Qe2
Be5 34. Qf3 Kh8 35. Qf5 Qg7 36. Qxh5+ Kg8 37. Qg4 Rb8 38. Qxg7+ Bxg7 39. Rc2 Rb3
40. Nf5 Bf6 41. d4 e6 42. Nh6+ Kf8 43. Ng4 Bg7 44. Rcd2 Rxc3 45. d5 0-1

[Event "Chigorin Mem Blitz 2016"]
[Site "St Petersburg RUS"]
[Date "2016.10.14"]
[Round "4.10"]
[White "Ehlvest, Jaan"]
[Black "Sunilduth Lyna, Narayanan"]
[Result "0-1"]
[WhiteTitle "GM"]
[BlackTitle "GM"]
[WhiteElo "2532"]
[BlackElo "2536"]
[WhiteFideId "4500016"]
[BlackFideId "5058422"]
[EventDate "2016.10.14"]
[EventType "swiss"]

1. Nf3 Nf6 2. g3 g6 3. b3 Bg7 4. Bb2 O-O 5. Bg2 c5 6. c4 b6 7. d4 Bb7 8. O-O
cxd4 9. Nxd4 Bxg2 10. Kxg2 d5 11. cxd5 Qxd5+ 12. Nf3 Qb7 13. Nd2 Nbd7 14. Rc1
Nc5 15. b4 Ne6 16. Qb3 Rfd8 17. Kg1 Rac8 18. Rxc8 Rxc8 19. Rd1 Qd5 20. Bxf6 Qxb3
21. Nxb3 Bxf6 22. b5 Rc4 23. Rd7 Ra4 24. e4 Rxe4 25. Rxa7 Rb4 26. Nbd2 Rxb5 27.
Ne4 Kg7 28. a4 Rb4 29. Nxf6 Kxf6 30. a5 bxa5 31. Rxa5 Rb7 32. h4 h6 33. Kg2 Kg7
34. Re5 Nf8 35. Re2 f6 36. Nd4 e5 37. Nc6 Rc7 38. Nb4 Kf7 39. Ra2 Ne6 40. Nd5
Rd7 41. Ne3 h5 42. Rb2 e4 43. Rb4 f5 44. Nc4 Rd4 45. Ne5+ Kf6 46. Rxd4 Nxd4 47.
Nc4 Nf3 48. Nd6 Ke6 49. Nc4 f4 50. Kh3 Kd5 51. Nb6+ Kc5 52. Nd7+ Kd6 53. Nf6 Ke5
54. Nd7+ Ke6 55. Nc5+ 0-1

[Event "Chigorin Mem Blitz 2016"]
[Site "St Petersburg RUS"]
[Date "2016.10.14"]
[Round "4.11"]
[White "Gordievsky, Dmitry"]
[Black "Vlasenko, Miroslav"]
[Result "0-1"]
[WhiteTitle "IM"]
[BlackTitle "IM"]
[WhiteElo "2555"]
[BlackElo "2422"]
[WhiteFideId "24112798"]
[BlackFideId "4151887"]
[EventDate "2016.10.14"]
[EventType "swiss"]

1. Nf3 Nc6 2. d4 d6 3. Bf4 Bg4 4. Bg3 g6 5. e3 Bg7 6. Be2 Nf6 7. Nbd2 O-O 8. h3
Bf5 9. O-O Ne4 10. Nxe4 Bxe4 11. c3 e5 12. Qb3 Rb8 13. Rfd1 Qe7 14. Qa3 a6 15.
Rac1 Bxf3 16. Bxf3 e4 17. Be2 f5 18. Bh2 g5 19. Re1 Kh8 20. f3 Rbe8 21. fxe4
Qxe4 22. Bf3 Qd3 23. Rcd1 Qc4 24. Qb3 Na5 25. Qb4 Qxb4 26. cxb4 Nc4 27. Bxb7
Nxe3 28. Rd3 f4 29. Bxa6 Nc2 30. Red1 Nxb4 31. Ra3 Nc6 32. Bb5 Bxd4+ 33. Rxd4
Nxd4 34. Bxe8 Rxe8 35. Kf1 Nc2 36. Rc3 Ne3+ 37. Kg1 c5 38. Rc1 Kg7 39. Kf2 Kf6
40. Kf3 Kf5 41. Bg1 h5 42. Bxe3 0-1

[Event "Chigorin Mem Blitz 2016"]
[Site "St Petersburg RUS"]
[Date "2016.10.14"]
[Round "4.12"]
[White "Duzhakov, Ilya"]
[Black "Fier, Alexandr"]
[Result "0-1"]
[WhiteTitle "FM"]
[BlackTitle "GM"]
[WhiteElo "2411"]
[BlackElo "2614"]
[WhiteFideId "4192516"]
[BlackFideId "2107139"]
[EventDate "2016.10.14"]
[EventType "swiss"]

1. d4 Nf6 2. c4 c5 3. d5 e6 4. Nc3 exd5 5. cxd5 d6 6. Nf3 g6 7. Bf4 Bg7 8. Qa4+
Bd7 9. Qb3 Qc7 10. e3 O-O 11. h3 Na6 12. Bb5 Nb4 13. O-O a6 14. Be2 Bf5 15. Rfc1
Nd3 16. Bxd3 Bxd3 17. a4 b6 18. Nd2 c4 19. Qa3 Rfd8 20. Na2 Nxd5 21. Bg3 b5 22.
Nb4 Nxb4 23. Qxb4 Qc5 24. Qxc5 dxc5 25. Ra2 f5 26. Bc7 Rd7 27. Bb6 Rc8 28. axb5
axb5 29. g4 Be2 30. Nf1 fxg4 31. hxg4 Bxg4 32. Ra5 Bxb2 33. Rb1 c3 34. Rxb5 c2
35. R5xb2 cxb1=Q 36. Rxb1 c4 37. Bd4 c3 38. Rc1 c2 39. Nd2 Rb7 40. Kf1 h5 41. f3
Bd7 42. Ke2 Bb5+ 43. Kf2 Bd3 44. e4 0-1

[Event "Chigorin Mem Blitz 2016"]
[Site "St Petersburg RUS"]
[Date "2016.10.14"]
[Round "5.1"]
[White "Yanchenko, Roman"]
[Black "Ponkratov, Pavel"]
[Result "1/2-1/2"]
[WhiteTitle "FM"]
[BlackTitle "GM"]
[WhiteElo "2419"]
[BlackElo "2589"]
[WhiteFideId "4137329"]
[BlackFideId "4157800"]
[EventDate "2016.10.14"]

1. d4 Nf6 2. c4 e6 3. Nf3 b6 4. g3 Bb7 5. Bg2 g6 6. O-O Bg7 7. Nc3 O-O 8. Qc2 d5
9. cxd5 exd5 10. b3 Na6 11. Bb2 Re8 12. e3 c5 13. dxc5 bxc5 14. Rfd1 Qa5 15. Qd2
Qb4 16. Rac1 Rad8 17. Na4 Qxd2 18. Nxd2 Rc8 19. Nc4 Red8 20. Na5 Ba8 21. Bf1 Nb4
22. Rxc5 Nxa2 23. Bd4 Ne4 24. Rxc8 Rxc8 25. Bxa7 Nec3 26. Rd2 Nc1 27. Nxc3 Rxc3
28. Bd4 Bxd4 29. Rxd4 Nxb3 30. Nxb3 Rxb3 31. h4 Kg7 32. Bg2 Rb5 33. Rd2 Kf6 34.
Bf3 Ke5 35. Rc2 Kd6 36. Kg2 Bc6 37. Rd2 Ke5 38. Rd4 Bd7 39. Rd1 Be6 40. Rd2 Rb4
41. Bd1 h6 42. Be2 g5 43. hxg5 hxg5 44. f4+ Kf6 45. Bf3 Rb5 46. Kf2 g4 47. Be2
Rb1 48. f5 Bxf5 49. Rxd5 Rb2 50. Rd4 Be6 51. Ke1 Kg5 52. Re4 Rb1+ 53. Kf2 Rh1
54. Re5+ Kf6 55. Re4 Rh2+ 56. Ke1 Kf5 57. Rf4+ Kg5 58. Rf2 Rh3 59. Rg2 Bd5 60.
Rg1 Be4 61. Rf1 f5 62. Rg1 Kf6 63. Kd2 Ke5 64. Kc3 Rh2 65. Bc4 Rc2+ 66. Kb3 Rf2
67. Kc3 Kd6 68. Bb3 Kc5 69. Bd1 Ra2 70. Bb3 Re2 71. Be6 Rxe3+ 72. Kd2 Rd3+ 73.
Ke2 Kd6 74. Bc8 Ke5 75. Bb7 Ra3 76. Bc8 Bf3+ 77. Kd2 Ra2+ 78. Ke3 Be4 79. Bd7
Ra3+ 80. Ke2 Kd4 81. Rd1+ Bd3+ 82. Kf2 Ra2+ 83. Kg1 Ke3 84. Be6 Rb2 85. Rxd3+
Kxd3 86. Bxf5+ Ke3 87. Bxg4 Rb4 88. Bh5 Rb5 89. Be8 Re5 90. Bc6 Rc5 91. Bb7 Rc2
92. Ba8 Rb2 93. Bc6 Rc2 94. Bb7 1/2-1/2

[Event "Chigorin Mem Blitz 2016"]
[Site "St Petersburg RUS"]
[Date "2016.10.14"]
[Round "5.2"]
[White "Tran, Tuan Minh"]
[Black "Pridorozhni, Aleksei"]
[Result "1-0"]
[WhiteTitle "IM"]
[BlackTitle "GM"]
[WhiteElo "2468"]
[BlackElo "2579"]
[WhiteFideId "12401820"]
[BlackFideId "4127870"]
[EventDate "2016.10.14"]

1. Nf3 d5 2. b3 c6 3. Bb2 Bg4 4. e3 Nd7 5. h3 Bh5 6. Be2 Ngf6 7. g4 Bg6 8. Rg1
Qc7 9. g5 Ne4 10. d3 Qa5+ 11. c3 Nd6 12. Nbd2 h6 13. Nh4 hxg5 14. Nxg6 fxg6 15.
Qc2 Rxh3 16. d4 Nf5 17. Rxg5 Rh1+ 18. Nf1 e6 19. Rxg6 Kf7 20. Rg2 Nf6 21. b4 Qc7
22. O-O-O g6 23. Nd2 Rxd1+ 24. Bxd1 Bg7 25. Qd3 a5 26. a3 Rh8 27. Rg1 Ne8 28.
Nf3 Bf6 29. e4 Qf4+ 30. Nd2 dxe4 31. Qxe4 Bg5 32. Qxf4 Bxf4 33. Kc2 Rh2 34. Rf1
Ned6 35. Bc1 Ke7 36. Nf3 Bxc1 37. Nxh2 Bxa3 38. bxa5 Ne4 39. Bf3 Ng5 40. Rb1 Nd6
41. Bxc6 bxc6 42. a6 Nc8 43. Rb7+ Kd6 44. Rb3 Ne4 45. Rxa3 Na7 46. Ng4 c5 47.
dxc5+ Nxc5 48. c4 Kc6 49. Ne5+ Kb6 50. Nxg6 Nxa6 51. Nf4 Nc5 52. Ra1 1-0

[Event "Chigorin Mem Blitz 2016"]
[Site "St Petersburg RUS"]
[Date "2016.10.14"]
[Round "5.3"]
[White "Fier, Alexandr"]
[Black "Aguera Naredo, Javier"]
[Result "1/2-1/2"]
[WhiteTitle "GM"]
[BlackTitle "FM"]
[WhiteElo "2614"]
[BlackElo "2367"]
[WhiteFideId "2107139"]
[BlackFideId "2204169"]
[EventDate "2016.10.14"]

1. d4 Nf6 2. Bg5 Ne4 3. Bf4 c5 4. f3 Qa5+ 5. c3 Nf6 6. d5 d6 7. e4 g6 8. Qd2 Bg7
9. c4 Qxd2+ 10. Bxd2 Nfd7 11. Nc3 Na6 12. Nh3 Nc7 13. Nf2 a6 14. a4 a5 15. Be2
Na6 16. O-O Nb4 17. Rac1 b6 18. b3 Ba6 19. f4 O-O 20. Bg4 Ra7 21. g3 Bd4 22. Kg2
Bxf2 23. Rxf2 Nd3 24. Bxd7 Rxd7 25. f5 Nxf2 26. Kxf2 Kg7 27. g4 e6 28. Rg1 exf5
29. gxf5 f6 30. h4 Re7 31. Bf4 Rd8 32. Kf3 Kf7 33. Bh6 Rg8 34. Bf4 gxf5 35. Rxg8
fxe4+ 36. Nxe4 Kxg8 37. Nxf6+ Kg7 38. Ne4 Bc8 39. Nxd6 Bd7 40. Bg3 h5 41. Kf4
Kg6 42. Kf3 Bg4+ 43. Kf4 Re2 44. Ne4 Rb2 45. Nd6 Rxb3 46. Be1 Rf3+ 47. Ke4 Rf1
48. Bc3 Rc1 49. Be5 Re1+ 50. Kf4 Rf1+ 51. Ke4 Re1+ 52. Kf4 Re2 53. Nb5 Ra2 54.
Bc7 Rxa4 55. Nd6 Be2 56. Bxb6 Bxc4 57. Ke5 Bxd5 58. Kxd5 Rxh4 59. Bxa5 Rd4+ 60.
Kxc5 Rxd6 61. Kxd6 h4 62. Be1 1/2-1/2

[Event "Chigorin Mem Blitz 2016"]
[Site "St Petersburg RUS"]
[Date "2016.10.14"]
[Round "5.4"]
[White "Sunilduth Lyna, Narayanan"]
[Black "Kazakovskiy, Valeriy"]
[Result "1-0"]
[WhiteTitle "GM"]
[BlackTitle "IM"]
[WhiteElo "2536"]
[BlackElo "2399"]
[WhiteFideId "5058422"]
[BlackFideId "13507443"]
[EventDate "2016.10.14"]

1. e4 e5 2. Nf3 Nc6 3. Nc3 Nf6 4. Bb5 Nd4 5. Bc4 Bc5 6. d3 d6 7. h3 h6 8. Be3
Nxf3+ 9. Qxf3 c6 10. Bxc5 dxc5 11. Qg3 Qe7 12. Qxg7 Rg8 13. Qxh6 b5 14. Bb3 Rxg2
15. O-O-O Rg6 16. Qh8+ Rg8 17. Qh4 a5 18. Rhg1 Rf8 19. a4 b4 20. Nb1 Be6 21. Nd2
O-O-O 22. Qg5 Bxb3 23. Nxb3 Kc7 24. f4 exf4 25. Nxc5 Rg8 26. Qxf4+ Kb6 27. Nb3
c5 28. Nd2 Rh8 29. h4 Ka6 30. Rg5 Nd7 31. Nc4 f6 32. Rf5 Rdf8 33. Qc7 1-0

[Event "Chigorin Mem Blitz 2016"]
[Site "St Petersburg RUS"]
[Date "2016.10.14"]
[Round "5.5"]
[White "Vlasenko, Miroslav"]
[Black "Levin, Evgeny A."]
[Result "1/2-1/2"]
[WhiteTitle "IM"]
[BlackTitle "GM"]
[WhiteElo "2422"]
[BlackElo "2505"]
[WhiteFideId "4151887"]
[BlackFideId "4182596"]
[EventDate "2016.10.14"]

1. d4 Nf6 2. Bg5 e6 3. Nd2 c5 4. e3 b6 5. Ngf3 Bb7 6. Bd3 Be7 7. Qe2 cxd4 8.
exd4 Nd5 9. Ne4 f6 10. Bd2 f5 11. Ng3 Nc6 12. c3 O-O 13. O-O Qc7 14. Rfe1 Nf4
15. Bxf4 Qxf4 16. Ba6 Bxa6 17. Qxa6 Qc7 1/2-1/2

[Event "Chigorin Mem Blitz 2016"]
[Site "St Petersburg RUS"]
[Date "2016.10.14"]
[Round "5.6"]
[White "Golubov, Saveliy"]
[Black "Lintchevski, Daniil"]
[Result "1/2-1/2"]
[WhiteTitle "IM"]
[BlackTitle "GM"]
[WhiteElo "2481"]
[BlackElo "2522"]
[WhiteFideId "24176729"]
[BlackFideId "4171055"]
[EventDate "2016.10.14"]

1. Nf3 d5 2. g3 c6 3. Bg2 Bg4 4. O-O Nd7 5. h3 Bh5 6. d3 e5 7. Nbd2 Ngf6 8. e4
dxe4 9. dxe4 Bc5 10. c3 O-O 11. Qc2 Re8 12. Re1 Bf8 13. Nc4 Bxf3 14. Bxf3 Qc7
15. a4 a5 16. Bd2 Red8 17. b4 b6 18. bxa5 bxa5 19. Be3 Bc5 20. Red1 Bxe3 21.
Nxe3 Nc5 22. Nc4 g6 23. Bg2 Rab8 24. Rab1 Kg7 25. Rxb8 Rxb8 26. Rb1 Rxb1+ 27.
Qxb1 Nxa4 28. Qa1 Nc5 29. Qxa5 Qxa5 30. Nxa5 Nfxe4 31. Nxc6 Kf6 32. c4 Nd6 33.
Bd5 Ne6 34. Nb4 e4 35. Nc6 Nc7 36. Kg2 Nxd5 37. cxd5 Nb5 38. Kf1 Kf5 39. Ke1 e3
40. fxe3 Ke4 41. Kf2 Kxd5 42. Nb4+ Ke4 43. Nc2 Nd6 44. Nd4 h5 45. Nf3 Kf5 46.
Kg2 Nc4 47. Kf2 Nd6 48. Kg2 Ne4 49. Nd4+ Ke5 50. Nf3+ Kf6 51. g4 hxg4 52. hxg4
g5 53. Kf1 Kg6 54. Kg2 f6 55. Nd4 Kf7 56. Kf3 Nd2+ 57. Ke2 Ne4 58. Kf3 Nd2+ 59.
Ke2 Ne4 60. Kf3 1/2-1/2

[Event "Chigorin Mem Blitz 2016"]
[Site "St Petersburg RUS"]
[Date "2016.10.14"]
[Round "5.7"]
[White "Yuffa, Daniil"]
[Black "Moskalenko, Alexander"]
[Result "1/2-1/2"]
[WhiteTitle "IM"]
[BlackTitle "IM"]
[WhiteElo "2534"]
[BlackElo "2490"]
[WhiteFideId "24131423"]
[BlackFideId "4155351"]
[EventDate "2016.10.14"]

1. d4 d5 2. c4 c6 3. Nc3 Nf6 4. Nf3 g6 5. Bf4 Bg7 6. e3 O-O 7. h3 b6 8. Be2 Bb7
9. O-O e6 10. b4 dxc4 11. Bxc4 Nd5 12. Nxd5 cxd5 13. Bd3 Nc6 14. Qa4 Qe7 15. a3
Rfc8 16. Rac1 Qe8 17. Ba6 Bxa6 18. Qxa6 Ne7 19. Qb7 Bf8 20. Ne5 Rcb8 21. Qa6 Rc8
22. Qb7 Rcb8 23. Qa6 Rc8 1/2-1/2

[Event "Chigorin Mem Blitz 2016"]
[Site "St Petersburg RUS"]
[Date "2016.10.14"]
[Round "5.8"]
[White "Volkov, Sergey"]
[Black "Huzman, Alexander"]
[Result "1-0"]
[WhiteTitle "GM"]
[BlackTitle "GM"]
[WhiteElo "2609"]
[BlackElo "2577"]
[WhiteFideId "4122763"]
[BlackFideId "2803828"]
[EventDate "2016.10.14"]

1. d4 d5 2. c4 e6 3. Nc3 Nf6 4. cxd5 exd5 5. Bg5 c6 6. e3 Bf5 7. Qf3 Bg6 8. Bxf6
Qxf6 9. Qxf6 gxf6 10. O-O-O Nd7 11. Bd3 Bxd3 12. Rxd3 f5 13. Nge2 Ke7 14. Ng3
Ke6 15. f3 Bh6 16. Kb1 Nf6 17. Re1 Rae8 18. e4 fxe4 19. fxe4 dxe4 20. Ngxe4 Nxe4
21. Rxe4+ Kd6 22. d5 Rxe4 23. Nxe4+ Ke5 24. Nc3 cxd5 25. Rxd5+ Ke6 26. Rh5 Bf4
27. Nb5 Be5 28. Rh6+ Kf5 29. Nd6+ Bxd6 30. Rxd6 Re8 31. Rd7 Re1+ 32. Kc2 Re2+
33. Kc3 Ke6 34. Rxb7 Rxg2 35. Rxa7 f5 36. Rxh7 f4 37. Rh3 Ke5 38. a4 Ke4 39. a5
f3 40. Rh8 Rg5 41. a6 f2 42. a7 Ra5 43. Rf8 Ke3 1-0

[Event "Chigorin Mem Blitz 2016"]
[Site "St Petersburg RUS"]
[Date "2016.10.14"]
[Round "5.9"]
[White "Gubajdullin, Alexei"]
[Black "Tsydypov, Zhamsaran"]
[Result "1/2-1/2"]
[WhiteTitle "FM"]
[BlackTitle "IM"]
[WhiteElo "2367"]
[BlackElo "2451"]
[WhiteFideId "4141202"]
[BlackFideId "4108566"]
[EventDate "2016.10.14"]

1. Nf3 Nf6 2. e3 g6 3. b4 Bg7 4. Bb2 O-O 5. c4 c6 6. Be2 d5 7. cxd5 cxd5 8. O-O
Bg4 9. d3 Nbd7 10. Nbd2 Qb6 11. Qb3 a5 12. bxa5 Qxa5 13. Bc3 Qa6 14. Rfe1 Nc5
15. Qb4 Nxd3 16. Bxd3 Qxd3 17. Bxf6 Bxf6 18. Qxg4 Bxa1 19. Rxa1 Qc3 20. Qd4 Qxd4
21. Nxd4 e5 22. Nb5 Ra5 23. Nc3 Rc8 24. Nb3 Ra3 25. Nxd5 Rc2 26. Nc1 Ra5 27. e4
Rac5 28. Nd3 R5c4 29. Kf1 Rd4 30. N5b4 Rcc4 31. f3 Rxb4 32. Nxb4 Rxb4 33. Re1
Kg7 34. Re2 Kf6 35. Rd2 Ke6 36. Ke2 f5 37. Ke3 Rb1 38. h3 h5 39. Ke2 h4 40. Ke3
b5 41. Rc2 b4 42. Rc6+ Kf7 43. Rc7+ Kf6 44. Rc6+ Kg5 45. Re6 Re1+ 46. Kf2 Ra1
47. Rxe5 Rxa2+ 48. Ke3 Rxg2 49. Rb5 Rb2 50. f4+ Kf6 51. e5+ Ke6 52. Rb6+ Kd5 53.
Rd6+ Kc5 54. Rxg6 Rb3+ 55. Ke2 Rxh3 56. Rf6 b3 57. Kd2 Kd5 58. Rxf5 Kd4 59. Rf8
Rh2+ 60. Kc1 Re2 61. Rh8 Kc3 62. Rc8+ Kd3 63. Rd8+ Ke4 64. Rh8 Kxf4 65. Rxh4+
Kxe5 66. Rb4 b2+ 67. Rxb2 Rxb2 1/2-1/2

[Event "Chigorin Mem Blitz 2016"]
[Site "St Petersburg RUS"]
[Date "2016.10.14"]
[Round "5.10"]
[White "Lu, Shanglei"]
[Black "Idani, Pouya"]
[Result "0-1"]
[WhiteTitle "GM"]
[BlackTitle "GM"]
[WhiteElo "2615"]
[BlackElo "2551"]
[WhiteFideId "8603332"]
[BlackFideId "12510130"]
[EventDate "2016.10.14"]

1. e4 e5 2. Bc4 Nf6 3. d3 Bc5 4. Nf3 d6 5. O-O O-O 6. c3 Nc6 7. a4 a6 8. Na3 h6
9. Nc2 Be6 10. Re1 Ng4 11. Ne3 Nxe3 12. Bxe3 Bxc4 13. dxc4 Bxe3 14. Rxe3 a5 15.
Nd2 Ne7 16. Rg3 Qd7 17. Qh5 Qe6 18. b3 f5 19. exf5 Nxf5 20. Rf3 Ne7 21. Re1 b6
22. Rg3 Qf7 23. Qe2 Rae8 24. Ne4 Nf5 25. Rf3 Qg6 26. Qd3 Qe6 27. Nd2 Nh4 28. Rh3
Ng6 29. Rg3 Nf4 30. Qe4 Nh5 31. Rh3 Rf4 32. Qc6 Qf7 33. Ne4 Nf6 34. Nxf6+ Rxf6
35. Rhe3 Rxf2 36. b4 Rf8 37. h3 Rf1+ 38. Rxf1 Qxf1+ 39. Kh2 Qf4+ 40. Rg3 h5 41.
Qxc7 Rf7 42. Qd8+ Kh7 43. h4 Rf6 44. Kh3 Qxc4 45. Qe7 Qe6+ 0-1